| 000 | 00522nam a2200193 a 4500 | ||
|---|---|---|---|
| 001 | 2042 | ||
| 005 | 20140414131934.0 | ||
| 008 | 040110s19uu xx 00 eng d | ||
| 020 | _a1-85833-199-4 | ||
| 050 |
_aREF 550 _bC66 1994 |
||
| 100 | _aCoote, Roger | ||
| 245 |
_aThe earth / _cRoger Coote. |
||
| 260 |
_aSingapore : _bZigzag Publishing, _c1994. |
||
| 300 | _a32 p. ; cm. | ||
| 500 | _aw/ CD Rom | ||
| 650 |
_aEarth sciences _xJuvenile literature. |
||
| 650 |
_aScience _xJuvenile literature. |
||
| 999 |
_c112383 _d112383 |
||